Systems analysis of international crises /

Bibliographic Details
Main Author: Beal, Richard Smith
Format: Book
Language:English
Published: Washington, D.C. : University Press of America, [1979]
Subjects:

MARC

Tag First Indicator Second Indicator Subfields
LEADER 00000cam a2200000 a 4500
001 in00000090460
005 20151008063718.0
008 800613s1979 dcua b 00010 eng d
010 |a  79066860  
020 |a 0819108588 
035 |a (OCoLC)06417610 
035 |9 AAK2784AM 
040 |a WAU  |c WAU  |d OCL  |d TXA  |d UtOrBLW 
049 |a TXAM  |c [1804277] 
090 |a JX1291  |b .B42 
100 1 |a Beal, Richard Smith. 
245 1 0 |a Systems analysis of international crises /  |c Richard Smith Beal. 
264 1 |a Washington, D.C. :  |b University Press of America,  |c [1979] 
264 4 |c ©1979 
300 |a xviii, 407 pages :  |b illustrations ;  |c 23 cm. 
336 |a text  |b txt  |2 rdacontent 
337 |a unmediated  |b n  |2 rdamedia 
338 |a volume  |b nc  |2 rdacarrier 
504 |a Bibliography: pages 359-407. 
650 0 |a International relations  |x Research. 
650 0 |a Mathematical models. 
999 |a MARS 
999 f f |s 111a5d47-5291-3ea2-93c4-7c9a4d9659fc  |i 1c00d794-94c8-317b-abb8-698589ce702d  |t 0 
952 f f |p ric  |a Texas A&M University  |b Rellis Campus  |c Joint Library Facility  |d Remote Storage  |t 0  |e JX1291 .B42  |h Library of Congress classification  |i unmediated -- volume  |m A14806152789 
998 f f |a JX1291 .B42  |t 0  |l Remote Storage